| 000 | 00922cam a22002773a 4500 | ||
|---|---|---|---|
| 001 | 2400 | ||
| 003 | PGUSA | ||
| 005 | 20140828083014.0 | ||
| 008 | 001101s2000||||xxu|||||s|||||000 | eng d | ||
| 040 |
_aPGUSA _beng |
||
| 042 | _adc | ||
| 050 | 4 | _aGR | |
| 100 | 1 |
_aBurton, Richard Francis, _cSir, _d1821-1890 |
|
| 245 | 1 | 0 |
_aVikram and the Vampire : _bClassic Hindu Tales of Adventure, Magic, and Romance _h[electronic resource] / _cRichard Francis, Burton |
| 260 |
_bProject Gutenberg, _c2000 |
||
| 500 | _aUniform Title: Vetalapañcavimsati. Hindi version (Baitala-pacisi). English | ||
| 506 | _aPublic domain in the USA. | ||
| 516 | _aElectronic text | ||
| 653 | _aHindus -- Folklore | ||
| 653 | _aVampires -- India -- Folklore | ||
| 653 | _aTales -- India | ||
| 700 | 1 |
_aBurton, Isabel, Lady, _d1831-1896 |
|
| 830 | 0 |
_aProject Gutenberg _v2400 |
|
| 856 | 4 | 0 | _uhttp://www.gutenberg.org/ebooks/2400 |
| 942 | _cEB | ||
| 999 |
_c231737 _d231737 |
||